| LEADER | 01591nam a2200277 4500 | ||
|---|---|---|---|
| 082 | |a 320.1 |b Gi108tr. | ||
| 100 | |a Nguyễn Việt Hương | ||
| 245 | |a Giáo trình lịch sử Nhà nước và pháp luật Việt Nam |c Nguyễn Việt Hương, Phạm Văn Điềm | ||
| 250 | |a | ||
| 260 | |a Huế |b [Knxb] |c 1996 | ||
| 300 | |a 132 tr. |c 27 cm | ||
| 520 | |a v.v... | ||
| 653 | |a chính trị | ||
| 653 | |a Nhà nước | ||
| 653 | |a pháp luật | ||
| 653 | |a Việt Nam | ||
| 653 | |a lịch sử | ||
| 653 | |a giáo trình | ||
| 942 | |2 ddc |c STK0 | ||
| 999 | |c 9624 |d 9624 | ||
| 952 | |0 0 |1 0 |2 ddc |4 0 |6 320_100000000000000_GI108TR |7 0 |8 300 |9 76365 |a qbu |b qbu |c D2 |d 2015-05-25 |g 20000 |o 320.1 Gi108tr. |p 9577.c1 |r 0000-00-00 |w 2015-05-25 |y STK0 | ||
| 952 | |0 0 |1 0 |2 ddc |4 0 |6 320_100000000000000_GI108TR |7 0 |8 300 |9 76366 |a qbu |b qbu |c D2 |d 2015-05-25 |g 20000 |l 1 |m 1 |o 320.1 Gi108tr. |p 9577.c2 |r 2019-08-09 |s 2019-06-18 |w 2015-05-25 |y STK0 | ||
| 952 | |0 0 |1 0 |2 ddc |4 0 |6 320_100000000000000_GI108TR |7 0 |8 300 |9 76367 |a qbu |b qbu |c D2 |d 2015-05-25 |g 20000 |l 2 |o 320.1 Gi108tr. |p 9577.c3 |r 2016-12-21 |s 2016-12-08 |w 2015-05-25 |y STK0 | ||
| 952 | |0 0 |1 0 |2 ddc |4 0 |6 320_100000000000000_GI108TR |7 0 |8 300 |9 76368 |a qbu |b qbu |c D2 |d 2015-05-25 |g 20000 |o 320.1 Gi108tr. |p 9577.c4 |r 0000-00-00 |w 2015-05-25 |y STK0 | ||
| 952 | |0 0 |1 0 |2 ddc |4 0 |6 320_100000000000000_GI108TR |7 0 |8 300 |9 76369 |a qbu |b qbu |c D2 |d 2015-05-25 |g 20000 |l 1 |m 1 |o 320.1 Gi108tr. |p 9577.c5 |r 2019-12-17 |s 2019-10-10 |w 2015-05-25 |y STK0 | ||
| 952 | |0 0 |1 0 |2 ddc |4 0 |6 320_100000000000000_GI108TR |7 0 |8 300 |9 76370 |a qbu |b qbu |c D2 |d 2015-05-25 |g 20000 |l 1 |o 320.1 Gi108tr. |p 9577.c6 |r 2016-12-13 |s 2016-11-28 |w 2015-05-25 |y STK0 | ||